Statistics for Full Names of U.S. Presidents since 1900

Click here to take the quiz!

General Stats

  • This quiz has been taken 157 times
  • The average score is 47 of 62

Answer Stats

POTUS Years Full Name % Correct
452017-Donald
98%
John
98%
Bush
98%
421993-2001William
98%
Trump
97%
432001-2009George
97%
Obama
96%
401981-1989Ronald
93%
Nixon
93%
371969-1974Richard
93%
Reagan
93%
Carter
93%
321933-1945Franklin
93%
442009-2017Barack
93%
Roosevelt
92%
Kennedy
92%
391977-1981James
91%
Eisenhower
90%
Johnson
90%
361963-1969Lyndon
88%
Truman
88%
341953-1961Dwight
88%
Herbert
88%
261901-1909Theodore
88%
331945-1953Harry
87%
Hoover
84%
Delano
82%
Wilson
81%
Walker
78%
S.
77%
Fitzgerald
76%
Taft
75%
Woodrow
75%
Coolidge
74%
Hussein
73%
Harding
70%
Calvin
68%
McKinley
66%
Jefferson
62%
291921-1923Warren
62%
Baines
61%
David
58%
Milhous
56%
Howard
50%
Earl
43%
281913-1921Thomas
38%
Gamaliel
22%
Blythe
19%
381974-1977Leslie
18%
Clark
16%
King
14%
Lynch
11%

Score Distribution

Percentile by Number Answered

Percent of People with Each Score

Your Score History

You have not taken this quiz